000 00316nam a22001337a 4500
008 171019b xxu||||| |||| 00| 0 eng d
020 _a9781599181653
041 _aeng
080 _a338
100 _a53
101 _aMEN
245 _aNO B.S. RUTHLESS MANAGEMENT OF PEOPLE & PROFITS
_cKENNEDY,D
942 _2udc
_cBK
999 _c34823
_d34823